Statistiken für FIFA Fussball-Weltmeisterschaft 2018 - Finale 8 Teams

Klicken Sie hier um das Quiz zu spielen!

Allgemein

  • Dieses Quiz wurde 590 mal gespielt
  • Das Durchschnittsergebnis liegt bei 6 aus 8

Antwortstatistiken

Land% Korrekt
Frankreich
99%
Kroatien
93%
Belgien
83%
England
81%
Brasilien
76%
Russland
58%
Schweden
40%
Uruguay
39%

Verteilung der Resultate

Perzentil nach korrekt beantworteten Fragen

Anzahl Personen mit jedem Resultat

Ihre Resultats-Entwicklung

Sie haben dieses Quiz noch nicht gespielt